The river scene : ecology and cultural heritage /
Guardado en:
| Autor Principal: | |
|---|---|
| Otros Autores: | , |
| Formato: | Libro |
| Idioma: | English |
| Publicado: |
Cambridge [England] ; New York :
Cambridge University Press,
1997.
|
| Etiquetas: |
Agregar Etiqueta
Sin Etiquetas, Sea el primero en etiquetar este registro!
|
| LEADER | 00790nam a22001935a 4500 | ||
|---|---|---|---|
| 001 | EEA.libagro006270 | ||
| 005 | 20161020112633.0 | ||
| 008 | 130809s1997####nyua#####b####000#0#eng#d | ||
| 020 | |a 0521574102 | ||
| 082 | 0 | 4 | |a 574.526323 |
| 082 | 0 | 4 | |a 333.916216 |
| 100 | 1 | |a Haslam, S. M. |q (Sylvia Mary), |d 1934- | |
| 245 | 1 | 4 | |a The river scene : |b ecology and cultural heritage / |c S.M. Haslam ; with contributions from J. Purseglove & G.A. Wait. |
| 260 | |a Cambridge [England] ; |a New York : |b Cambridge University Press, |c 1997. | ||
| 300 | |a xiv, 344 p. : |b il., mapas ; |c 31 cm. | ||
| 504 | |a Incluye referencias bibliográficas (p. [339]-340) e índice. | ||
| 700 | 1 | |a Purseglove, J. W. |q (John William), |d 1912- | |
| 700 | 1 | |a Wait, G. A. |q (Gerald A.) | |
| 859 | |a AR-BbBCA |b BIB. AGRONOMIA |h 574.526323 |i H352 |p 1999/3631 | ||
